[Event "Cologne-ch"]
[Site "Cologne"]
[Date "2004.03.13"]
[Round "4"]
[White "Matthaei, Alexander"]
[Black "Bonnmann, Reinhard"]
[Result "1-0"]
[WhiteElo "2351"]
[BlackElo "2261"]
[PlyCount "99"]
[EventDate "2004.02.21"]
[EventType "swiss"]
[EventRounds "7"]
[EventCountry "GER"]
[SourceTitle "EXT 2006"]
[Source "ChessBase"]
[SourceDate "2005.11.24"]
[SourceVersion "1"]
[SourceVersionDate "2005.11.24"]
[SourceQuality "1"]

1. e4 c5 2. c3 Nf6 3. e5 Nd5 4. d4 cxd4 5. Nf3 Nc6 6. cxd4 d6 7. Bc4 Nb6 8. Bb5 dxe5 9. Nxe5 Bd7 10. Nxd7 Qxd7 11. Nc3 Rd8 12. Be3 e6 13. Qg4 h5 14. Qe2 a6 15. Bxc6 Qxc6 16. 0-0 Be7 17. Rac1 Nd5 18. Ne4 Qb5 19. Qxb5+ axb5 20. Nc3 Nxc3 21. Rxc3 h4 22. Rfc1 Rh5 23. Kf1 Bd6 24. h3 Kd7 25. Ke2 Ra8 26. a3 b4 27. Rb3 f6 28. Bd2 Ra4 29. Bxb4 Rb5 30. Rc4 Rg5 31. Kf3 b5 32. Rcc3 Rf5+ 33. Ke3 e5 34. Bxd6 exd4+ 35. Ke4 dxc3+ 36. Kxf5 c2 37. Rc3 Kxd6 38. Rxc2 b4 39. axb4 Rxb4 40. Kg6 Ke5 41. Kxg7 f5 42. Kg6 Kf4 43. Kh5 Rb8 44. Rc4+ Ke5 45. Kxh4 Rxb2 46. Kg3 Rb3+ 47. f3 Kf6 48. h4 Kg6 49. Rc6+ Kg7 50. Kf4 1-0

[Event "Cologne-ch"]
[Site "Cologne"]
[Date "2004.02.28"]
[Round "2"]
[White "Morawietz, Dieter"]
[Black "Matthaei, Alexander"]
[Result "0-1"]
[WhiteElo "2393"]
[BlackElo "2351"]
[PlyCount "78"]
[EventDate "2004.02.21"]
[EventType "swiss"]
[EventRounds "7"]
[EventCountry "GER"]
[SourceTitle "EXT 2006"]
[Source "ChessBase"]
[SourceDate "2005.11.24"]
[SourceVersion "1"]
[SourceVersionDate "2005.11.24"]
[SourceQuality "1"]

1. e4 c5 2. Nf3 d6 3. d4 cxd4 4. Nxd4 Nf6 5. Nc3 a6 6. Bc4 e6 7. Bb3 b5 8. Qf3 Qc7 9. g4 b4 10. g5 bxc3 11. gxf6 Nd7 12. Rg1 Nxf6 13. Ba4+ Bd7 14. e5 Nd5 15. exd6 Qxd6 16. Bxd7+ Qxd7 17. bxc3 Rc8 18. Bb2 g6 19. c4 Rxc4 20. Qe2 Qa4 21. 0-0-0 Ba3 22. Nxe6 Bxb2+ 23. Kxb2 Re4 24. Nc7+ Kf8 25. Qf3 Kg7 26. Rxd5 Rb8+ 27. Kc1 Rc4 28. Qd3 Qxa2 29. Rd7 Rb1+ 30. Kd2 Rxg1 31. Rxf7+ Kxf7 32. Qd7+ Kf6 33. Qd8+ Kf5 34. Qd5+ Kf4 35. Qf7+ Kg5 36. Qe7+ Kh6 37. Qe3+ Kh5 38. Qh3+ Rh4 39. Qf3+ Rgg4 0-1

[Event "BL2-West 0304"]
[Site "Germany"]
[Date "2004.??.??"]
[Round "?.8"]
[White "Becker, Marcel"]
[Black "Matthaei, Alexander"]
[Result "1-0"]
[WhiteElo "2320"]
[BlackElo "2350"]
[PlyCount "43"]
[EventDate "2003.12.14"]
[EventType "team-tourn"]
[EventRounds "9"]
[EventCountry "GER"]
[SourceTitle "CBM 100 Extra"]
[Source "ChessBase"]
[SourceDate "2004.07.06"]
[SourceVersion "2"]
[SourceVersionDate "2004.07.06"]
[SourceQuality "1"]
[WhiteTeam "Muelheim"]
[BlackTeam "Koeln Porz"]
[WhiteTeamCountry "GER"]
[BlackTeamCountry "GER"]

1. d4 g6 2. c4 Bg7 3. e4 d6 4. Nc3 Nd7 5. Be2 e5 6. Nf3 Ne7 7. h4 0-0 8. h5 exd4 9. Nxd4 Nc6 10. Be3 Nf6 11. Qd2 Nxd4 12. Bxd4 Be6 13. 0-0-0 a6 14. f4 b5 15. f5 b4 16. fxe6 bxc3 17. Qxc3 c5 18. hxg6 cxd4 19. gxf7+ Kh8 20. Qxd4 h5 21. Qd2 Qb6 22. Bxh5 1-0

[Event "BL2-West 0203"]
[Site "Germany"]
[Date "2003.02.09"]
[Round "6.7"]
[White "Kitte, Sebastian"]
[Black "Matthaei, Alexander"]
[Result "1/2-1/2"]
[WhiteElo "2284"]
[BlackElo "2359"]
[PlyCount "35"]
[EventDate "2002.10.20"]
[EventType "team-tourn"]
[EventRounds "9"]
[EventCountry "GER"]
[SourceTitle "EXT 2004"]
[Source "ChessBase"]
[SourceDate "2003.11.25"]
[SourceVersion "1"]
[SourceVersionDate "2003.11.25"]
[SourceQuality "1"]
[WhiteTeam "Bochum"]
[BlackTeam "Koeln Porz II"]
[WhiteTeamCountry "GER"]
[BlackTeamCountry "GER"]

1. d4 d5 2. c4 dxc4 3. Nf3 Nf6 4. e3 c5 5. Bxc4 e6 6. 0-0 a6 7. Bd3 Nc6 8. dxc5 Bxc5 9. a3 0-0 10. b4 Bd6 11. Bb2 e5 12. Nc3 Bg4 13. Ne4 Be7 14. Nxf6+ Bxf6 15. Be4 Rc8 16. Qb1 Bxf3 17. Bxf3 Qe7 18. Rc1 1/2-1/2

[Event "BL2-West 0203"]
[Site "Germany"]
[Date "2003.01.26"]
[Round "5.7"]
[White "Meyer, Falko"]
[Black "Matthaei, Alexander"]
[Result "1/2-1/2"]
[WhiteElo "2344"]
[BlackElo "2359"]
[PlyCount "72"]
[EventDate "2002.10.20"]
[EventType "team-tourn"]
[EventRounds "9"]
[EventCountry "GER"]
[SourceTitle "EXT 2004"]
[Source "ChessBase"]
[SourceDate "2003.11.25"]
[SourceVersion "1"]
[SourceVersionDate "2003.11.25"]
[SourceQuality "1"]
[WhiteTeam "Katernberg"]
[BlackTeam "Koeln Porz II"]
[WhiteTeamCountry "GER"]
[BlackTeamCountry "GER"]

1. d4 d5 2. Nf3 Nf6 3. Bf4 c5 4. c3 Qb6 5. Qb3 c4 6. Qc2 Ne4 7. Nbd2 Nxd2 8. Nxd2 e6 9. e4 Be7 10. Be2 Nd7 11. Bf3 Nf6 12. 0-0 0-0 13. Bg5 Qd8 14. Rfe1 Rb8 15. Bf4 Ra8 16. Bg5 Rb8 17. Bf4 Ra8 18. b3 cxb3 19. Qxb3 b6 20. e5 Ne8 21. c4 Nc7 22. Rac1 dxc4 23. Nxc4 Nd5 24. Nd6 Nxf4 25. Bxa8 Ba6 26. Bb7 Ne2+ 27. Rxe2 Bxe2 28. Rc8 Qd7 29. Rxf8+ Bxf8 30. Bf3 Ba6 31. Qa3 Bc4 32. g3 h6 33. Be4 Bxd6 34. exd6 Bd5 35. Bxd5 exd5 36. Qc3 Qxd6 1/2-1/2

[Event "BL2-West 0304"]
[Site "Germany"]
[Date "2003.??.??"]
[Round "?.8"]
[White "Michiels, Bart"]
[Black "Matthaei, Alexander"]
[Result "1-0"]
[WhiteElo "2375"]
[BlackElo "2350"]
[PlyCount "156"]
[EventDate "2003.12.14"]
[EventType "team-tourn"]
[EventRounds "9"]
[EventCountry "GER"]
[SourceTitle "CBM 100 Extra"]
[Source "ChessBase"]
[SourceDate "2004.07.06"]
[SourceVersion "2"]
[SourceVersionDate "2004.07.06"]
[SourceQuality "1"]
[WhiteTeam "Remagen"]
[BlackTeam "Koeln Porz"]
[WhiteTeamCountry "GER"]
[BlackTeamCountry "GER"]

1. e4 c5 2. Nf3 e6 3. d4 cxd4 4. Nxd4 Nf6 5. Nc3 d6 6. Be2 Be7 7. 0-0 0-0 8. Be3 Nc6 9. f4 Bd7 10. Kh1 Nxd4 11. Bxd4 Bc6 12. Bd3 Nd7 13. Qg4 e5 14. Be3 exf4 15. Bxf4 Ne5 16. Bxe5 dxe5 17. Bc4 Qd6 18. Nd5 Rae8 19. Rf3 Qg6 20. Qxg6 hxg6 21. Raf1 b5 22. Bb3 Bxd5 23. Bxd5 Bf6 24. Rb3 Rc8 25. Rxb5 Rxc2 26. Rb7 Rfc8 27. Rxf7 Kh8 28. Rxa7 Rxb2 29. Ra3 Bg5 30. Rh3+ Bh6 31. g4 g5 32. a4 Rc5 33. Ra1 Ra5 34. Rb3 Rxb3 35. Bxb3 g6 36. Rc1 Bf8 37. Rc8 Kg7 38. Rc7+ Kh8 39. Kg2 Ra6 40. Kf3 Rb6 41. Bc4 Bb4 42. Ke3 Rd6 43. Bd5 Rf6 44. h3 Rf1 45. Rb7 Ba5 46. Rb5 Bc3 47. Kd3 Bd4 48. Rb3 Ra1 49. Bc6 Kg7 50. Kc4 Rc1+ 51. Kd5 Kf6 52. Kd6 Bc5+ 53. Kd7 Ra1 54. Rf3+ Kg7 55. Kc7 Bb4 56. Kb6 Bd2 57. Kb5 Rb1+ 58. Ka6 Ra1 59. Rd3 Be1 60. Rd7+ Kf8 61. Rd5 Bc3 62. a5 Rb1 63. Rb5 Ra1 64. Kb6 Ke7 65. a6 Bd4+ 66. Kb7 Kd6 67. Rd5+ Ke6 68. Bd7+ Ke7 69. Bb5 Ra5 70. Kb8 Kf6 71. Bd3 Ra4 72. Rd6+ Ke7 73. Rxg6 Rb4+ 74. Ka8 Be3 75. a7 Ra4 76. Rg7+ Kf6 77. Rc7 Rb4 78. Rb7 Ra4 1-0

[Event "BL2-West 0203"]
[Site "Germany"]
[Date "2002.10.20"]
[Round "1.7"]
[White "Waldschmidt, Georg"]
[Black "Matthaei, Alexander"]
[Result "1-0"]
[WhiteElo "2221"]
[BlackElo "2359"]
[PlyCount "111"]
[EventDate "2002.10.20"]
[EventType "team-tourn"]
[EventRounds "9"]
[EventCountry "GER"]
[SourceTitle "EXT 2004"]
[Source "ChessBase"]
[SourceDate "2003.11.25"]
[SourceVersion "1"]
[SourceVersionDate "2003.11.25"]
[SourceQuality "1"]
[WhiteTeam "Castrop Rauxel"]
[BlackTeam "Koeln Porz II"]
[WhiteTeamCountry "GER"]
[BlackTeamCountry "GER"]

1. e4 c5 2. Nf3 e6 3. c3 Nf6 4. e5 Nd5 5. d4 cxd4 6. cxd4 d6 7. a3 Nc6 8. Bd3 dxe5 9. dxe5 Qc7 10. 0-0 Bd7 11. Qe2 Bc5 12. Nc3 Nxc3 13. bxc3 0-0-0 14. Rb1 f6 15. Be4 f5 16. Bc2 h6 17. a4 g5 18. Rd1 g4 19. Nd4 Qxe5 20. Qb5 Nb4 21. Bf4 Qxd4 22. Rxd4 Bxb5 23. Rxd8+ Rxd8 24. cxb4 Bxa4 25. Bxa4 Rd4 26. Be3 Rxb4 27. Rxb4 Bxb4 28. Bxa7 Kc7 29. Be3 Bf8 30. Bf4+ Kd8 31. Be5 Ke7 32. Kf1 Kf7 33. Bd7 Bc5 34. Ke2 Ke7 35. Ba4 Kf7 36. f3 gxf3+ 37. Kxf3 Be7 38. h3 Bf6 39. Kf4 Bg5+ 40. Kf3 Bf6 41. Bd6 Be7 42. Bc7 Bg5 43. Bd7 Be7 44. Bb6 Kf6 45. Bc8 e5 46. Bxb7 Ba3 47. Bd8+ Kg6 48. Bc6 e4+ 49. Kg3 Bd6+ 50. Kh4 Kf7 51. Kh5 e3 52. Bb5 Bf4 53. Bc4+ Kg7 54. Bb6 Bg5 55. Bd4+ Kf8 56. Kg6 1-0

[Event "BL2-West 0102"]
[Site "Germany"]
[Date "2002.04.28"]
[Round "9.8"]
[White "Meyer, Falko"]
[Black "Matthaei, Alexander"]
[Result "1/2-1/2"]
[WhiteElo "2322"]
[BlackElo "2347"]
[PlyCount "120"]
[EventDate "2001.10.07"]
[EventType "team-tourn"]
[EventRounds "9"]
[EventCountry "GER"]
[SourceTitle "CBM 088 Extra"]
[Source "ChessBase"]
[SourceDate "2002.07.01"]
[SourceVersion "2"]
[SourceVersionDate "2002.07.01"]
[SourceQuality "1"]
[WhiteTeam "Katernberg"]
[BlackTeam "Koeln Porz II"]
[WhiteTeamCountry "GER"]
[BlackTeamCountry "GER"]

1. e4 c5 2. Nf3 d6 3. Nc3 a6 4. a4 Nf6 5. b3 Nc6 6. Bb2 e6 7. d4 cxd4 8. Nxd4 Qb6 9. Nxc6 bxc6 10. Bd3 e5 11. 0-0 Be7 12. Kh1 0-0 13. Qe2 a5 14. Rad1 Be6 15. Nb1 Rfd8 16. Nd2 Qc7 17. Nc4 Nd7 18. Ne3 Nc5 19. f4 exf4 20. Nf5 Bf8 21. Rxf4 f6 22. Rdf1 Re8 23. Qg4 Nxd3 24. cxd3 Kh8 25. Qh4 Rab8 26. Ng3 Rxb3 27. Rxf6 Rxb2 28. Rxe6 Reb8 29. d4 Rb1 30. Qf4 Rxf1+ 31. Qxf1 Qd7 32. d5 cxd5 33. exd5 Qxa4 34. Re1 Qb3 35. Qf5 a4 36. Rf1 h6 37. Nh5 Qc4 38. Re1 Qc3 39. Rf1 Qe5 40. Qf7 Qe7 41. Qf3 Qg5 42. Nf4 Qf5 43. g4 Qh7 44. Ne6 Be7 45. Nd4 Bf6 46. Nf5 Be5 47. Ne7 Qc2 48. Rf2 Qc1+ 49. Kg2 Bf6 50. Ng6+ Kh7 51. Qe4 Qb1 52. Nf8+ Kh8 53. Ng6+ Kg8 54. Ne7+ Bxe7 55. Qxe7 Qg6 56. h3 a3 57. Qe3 Rb2 58. Qxa3 Qe4+ 59. Qf3 Qxf3+ 60. Kxf3 Rb3+ 1/2-1/2

[Event "Leverkusen-ch op 14th"]
[Site "Leverkusen"]
[Date "2002.04.22"]
[Round "8"]
[White "Lommen, Frank"]
[Black "Matthaei, Alexander"]
[Result "0-1"]
[WhiteElo "2010"]
[BlackElo "2302"]
[PlyCount "112"]
[EventDate "2002.01.14"]
[EventType "swiss"]
[EventRounds "9"]
[EventCountry "GER"]
[SourceTitle "EXT 2004"]
[Source "ChessBase"]
[SourceDate "2003.11.25"]
[SourceVersion "1"]
[SourceVersionDate "2003.11.25"]
[SourceQuality "1"]

1. e4 c5 2. Nf3 e6 3. c3 Nf6 4. e5 Nd5 5. Bc4 d6 6. 0-0 dxe5 7. Nxe5 Bd6 8. d4 0-0 9. Qh5 Nd7 10. Bd3 N5f6 11. Qe2 Qc7 12. Bf4 Nd5 13. Bg3 cxd4 14. cxd4 Nb4 15. Bc4 Nc6 16. Nxc6 Qxc6 17. Nc3 Bxg3 18. hxg3 Nf6 19. Rfd1 Bd7 20. Rac1 Rac8 21. Bb3 Qd6 22. Qe5 Qb6 23. Rd2 Bc6 24. Re1 Rfd8 25. Qf4 Rd7 26. Red1 Rcd8 27. Na4 Bxa4 28. Bxa4 Rd6 29. Bb3 Qa5 30. Re2 Qb4 31. Red2 Kf8 32. Qh4 h6 33. Qf4 a5 34. Qe3 a4 35. Bc2 Rd5 36. Qf4 Qa5 37. Be4 R5d7 38. Qf3 Qb6 39. Qa3+ Kg8 40. Bc2 Rxd4 41. Rxd4 Rxd4 42. Rxd4 Qxd4 43. Qxa4 Qd8 44. Qf4 Qc8 45. Bd3 Nd5 46. Qe4 Qd7 47. Qd4 Qe7 48. Be4 Nf6 49. Bd3 e5 50. Qe3 Qe6 51. b3 e4 52. Bc4 Qe5 53. Qe2 h5 54. f3 Qxg3 55. fxe4 Qe5 56. Qf3 Qa1+ 0-1

[Event "BL2-West 0102"]
[Site "Germany"]
[Date "2002.04.14"]
[Round "8.8"]
[White "Matthaei, Alexander"]
[Black "Bromann, Thorbjorn"]
[Result "0-1"]
[WhiteElo "2347"]
[BlackElo "2321"]
[PlyCount "84"]
[EventDate "2001.10.07"]
[EventType "team-tourn"]
[EventRounds "9"]
[EventCountry "GER"]
[SourceTitle "CBM 088 Extra"]
[Source "ChessBase"]
[SourceDate "2002.07.01"]
[SourceVersion "2"]
[SourceVersionDate "2002.07.01"]
[SourceQuality "1"]
[WhiteTeam "Koeln Porz II"]
[BlackTeam "Emsdetten"]
[WhiteTeamCountry "GER"]
[BlackTeamCountry "GER"]

1. e4 e6 2. d4 d5 3. e5 c5 4. c3 Nc6 5. Nf3 Bd7 6. Bd3 cxd4 7. cxd4 Qb6 8. 0-0 Nxd4 9. Nxd4 Qxd4 10. Nc3 a6 11. Qe2 Ne7 12. Rd1 Nc6 13. Bxa6 Qxe5 14. Bxb7 Qxe2 15. Nxe2 Rb8 16. Bxc6 Bxc6 17. b3 Bd6 18. Bf4 e5 19. Nd4 Kd7 20. Nxc6 Kxc6 21. Bc1 d4 22. Bb2 Kd5 23. Rd2 Rhc8 24. Rad1 Bb4 25. Re2 Ra8 26. Kf1 Rc6 27. f3 Rac8 28. a3 Bc3 29. b4 Bxb2 30. Rxb2 Rc2 31. Rdb1 d3 32. Ke1 Kd4 33. Kd1 f5 34. b5 e4 35. Rb4+ Ke3 36. R4b2 Kd4 37. Rb4+ Kd5 38. R4b3 g5 39. R3b2 Rxb2 40. Rxb2 e3 41. b6 e2+ 42. Kd2 Rc2+ 0-1

[Event "BL2-West 0102"]
[Site "Germany"]
[Date "2002.03.17"]
[Round "7.8"]
[White "Bock, Andreas"]
[Black "Matthaei, Alexander"]
[Result "0-1"]
[WhiteElo "2166"]
[BlackElo "2347"]
[PlyCount "132"]
[EventDate "2001.10.07"]
[EventType "team-tourn"]
[EventRounds "9"]
[EventCountry "GER"]
[SourceTitle "CBM 088 Extra"]
[Source "ChessBase"]
[SourceDate "2002.07.01"]
[SourceVersion "2"]
[SourceVersionDate "2002.07.01"]
[SourceQuality "1"]
[WhiteTeam "St Ingbert"]
[BlackTeam "Koeln Porz II"]
[WhiteTeamCountry "GER"]
[BlackTeamCountry "GER"]

1. e4 c5 2. Nf3 e6 3. d4 cxd4 4. Nxd4 a6 5. Bd3 Nf6 6. 0-0 Qc7 7. c4 d6 8. Nc3 Be7 9. Be3 0-0 10. Rc1 Nbd7 11. f4 Re8 12. Qf3 Bf8 13. b3 e5 14. Nf5 Nc5 15. Nd5 Nxd5 16. cxd5 exf4 17. Qxf4 Nxd3 18. Nh6+ Kh8 19. Nxf7+ Kg8 20. Rxc7 Nxf4 21. Bxf4 Rxe4 22. Bxd6 Bg4 23. Rxb7 Be2 24. Rf2 Bh5 25. Bxf8 Rxf8 26. Nh6+ gxh6 27. Rxf8+ Kxf8 28. Rxh7 Re1+ 29. Kf2 Re2+ 30. Kg3 Rxa2 31. Rxh6 Bf7 32. d6 Bxb3 33. Rh8+ Bg8 34. d7 Rd2 35. Rh6 Rxd7 36. Rxa6 Rd3+ 37. Kf4 Rd2 38. Ra8+ Kg7 39. Ra5 Kf6 40. Ra6+ Be6 41. Kg3 Kf5 42. Kf3 Bd5+ 43. Ke3 Rxg2 44. Ra5 Ke5 45. h4 Rg3+ 46. Kd2 Kd4 47. Ra4+ Bc4 48. Ra7 Rg2+ 49. Ke1 Bd3 50. Rd7+ Ke3 51. Re7+ Be4 52. Rf7 Re2+ 53. Kd1 Rb2 54. Rc7 Rb5 55. h5 Rxh5 56. Kc1 Rb5 57. Kd1 Rb2 58. Rc8 Rh2 59. Kc1 Bd3 60. Rc7 Kd4 61. Kd1 Bc4 62. Rd7+ Kc3 63. Ke1 Re2+ 64. Kd1 Re5 65. Rc7 Ra5 66. Ke1 Rf5 0-1

[Event "Leverkusen-ch op 14th"]
[Site "Leverkusen"]
[Date "2002.03.11"]
[Round "5"]
[White "Matthaei, Alexander"]
[Black "Kniest, Oliver"]
[Result "1/2-1/2"]
[WhiteElo "2302"]
[BlackElo "2192"]
[PlyCount "88"]
[EventDate "2002.01.14"]
[EventType "swiss"]
[EventRounds "9"]
[EventCountry "GER"]
[SourceTitle "EXT 2004"]
[Source "ChessBase"]
[SourceDate "2003.11.25"]
[SourceVersion "1"]
[SourceVersionDate "2003.11.25"]
[SourceQuality "1"]

1. c4 b6 2. e4 Bb7 3. Nc3 e6 4. d4 Bb4 5. d5 Qe7 6. Nge2 exd5 7. exd5 Nf6 8. Qd4 d6 9. a3 Bc5 10. Qh4 a5 11. Bg5 Nbd7 12. 0-0-0 h6 13. Bxf6 Nxf6 14. Qg3 0-0-0 15. Nf4 Qe5 16. Qh3+ Kb8 17. Nd3 Qg5+ 18. f4 Qg4 19. Qxg4 Be3+ 20. Kc2 Nxg4 21. Be2 Nf2 22. Nxf2 Bxf2 23. g3 Bc8 24. Rhf1 Be3 25. Bd3 Bh3 26. Rfe1 Rde8 27. Be4 Bf2 28. Re2 Bc5 29. Rde1 Bg4 30. Bf3 Rxe2+ 31. Bxe2 Re8 32. Kd2 Bd7 33. Bf3 Rxe1 34. Kxe1 Be3 35. Kd1 Bf5 36. Ne4 Bh3 37. b3 Bg1 38. Ke2 Bd4 39. Nf2 Bd7 40. Nd3 a4 41. b4 b5 42. c5 dxc5 43. bxc5 Bf5 44. d6 cxd6 1/2-1/2

[Event "BL2-West 0102"]
[Site "Germany"]
[Date "2002.02.03"]
[Round "5.8"]
[White "Rott, Georg"]
[Black "Matthaei, Alexander"]
[Result "0-1"]
[WhiteElo "2156"]
[BlackElo "2347"]
[PlyCount "114"]
[EventDate "2001.10.07"]
[EventType "team-tourn"]
[EventRounds "9"]
[EventCountry "GER"]
[SourceTitle "CBM 088 Extra"]
[Source "ChessBase"]
[SourceDate "2002.07.01"]
[SourceVersion "2"]
[SourceVersionDate "2002.07.01"]
[SourceQuality "1"]
[WhiteTeam "Muenster"]
[BlackTeam "Koeln Porz II"]
[WhiteTeamCountry "GER"]
[BlackTeamCountry "GER"]

1. e4 c5 2. c3 d5 3. exd5 Qxd5 4. d4 cxd4 5. cxd4 Nc6 6. Nf3 Bg4 7. Be2 e6 8. 0-0 Nf6 9. h3 Bh5 10. Nc3 Qa5 11. Be3 Be7 12. a3 0-0 13. Qb3 Qc7 14. Rfd1 Rfd8 15. d5 exd5 16. Nxd5 Nxd5 17. Rxd5 Rxd5 18. Qxd5 Bg6 19. Qc4 Rc8 20. Rc1 Bf6 21. b4 Qd8 22. Rd1 Qe8 23. Qb5 Qe7 24. Bc5 Qc7 25. Bd6 Qb6 26. Qxb6 axb6 27. b5 Na5 28. Ne5 Bc2 29. Re1 Re8 30. Rc1 Bf5 31. f4 g5 32. Ng4 Bd4+ 33. Kh1 Re6 34. Rc8+ Kg7 35. Bf8+ Kg6 36. Rd8 Nb3 37. Bf3 Re1+ 38. Kh2 gxf4 39. Rd6+ f6 40. g3 fxg3+ 41. Kxg3 Bxg4 42. hxg4 Be5+ 43. Kf2 Bxd6 44. Bxd6 Re6 45. Bf4 Nc5 46. Bc7 Ne4+ 47. Kg2 Nc3 48. Bd8 Nxb5 49. Bxb7 Nxa3 50. Bd5 Rd6 51. Be4+ Kg5 52. Bc7 Rd7 53. Bxb6 Kxg4 54. Be3 Nc4 55. Bf3+ Kf5 56. Bc1 Ne5 57. Be2 Nd3 0-1

[Event "Datteln"]
[Site "Datteln"]
[Date "2002.02.02"]
[Round "2.2"]
[White "Hoffmann, Alexander"]
[Black "Matthaei, Alexander"]
[Result "1/2-1/2"]
[WhiteElo "2423"]
[BlackElo "2347"]
[PlyCount "30"]
[EventDate "2002.02.??"]
[EventType "tourn"]
[EventRounds "10"]
[EventCountry "GER"]
[EventCategory "7"]
[SourceTitle "EXT 2003"]
[Source "ChessBase"]
[SourceDate "2002.11.25"]
[SourceVersion "1"]
[SourceVersionDate "2002.11.25"]
[SourceQuality "1"]

1. e4 c5 2. Nf3 e6 3. d4 cxd4 4. Nxd4 a6 5. Nc3 Qc7 6. Be2 Nf6 7. 0-0 Bb4 8. Qd3 Bxc3 9. bxc3 d5 10. exd5 Nxd5 11. c4 Nf4 12. Qe4 Nxe2+ 13. Nxe2 0-0 14. Bf4 Qc6 15. Qxc6 Nxc6 1/2-1/2

[Event "BL2-West 9900"]
[Site "Germany"]
[Date "1999.12.12"]
[Round "3.8"]
[White "Niklasch, Oliver"]
[Black "Matthaei, Alexander"]
[Result "1/2-1/2"]
[WhiteElo "2363"]
[BlackElo "2357"]
[PlyCount "34"]
[EventDate "1999.10.10"]
[EventType "team-tourn"]
[EventRounds "9"]
[EventCountry "GER"]
[SourceTitle "CBM 074 Extra"]
[Source "ChessBase"]
[SourceDate "2000.03.10"]
[SourceVersion "2"]
[SourceVersionDate "2000.03.10"]
[SourceQuality "1"]
[WhiteTeam "Andernach"]
[BlackTeam "Koeln Porz II"]
[WhiteTeamCountry "GER"]
[BlackTeamCountry "GER"]

1. d4 g6 2. g3 Bg7 3. Bg2 d5 4. Nf3 Nf6 5. 0-0 0-0 6. c4 c6 7. b3 Be6 8. Nbd2 Ne4 9. cxd5 Bxd5 10. Bb2 a5 11. Qc2 Nxd2 12. Qxd2 a4 13. Rfe1 axb3 14. e4 Be6 15. axb3 Rxa1 16. Bxa1 Qd7 17. Qe3 Rd8 1/2-1/2

[Event "BL2-West 9899"]
[Site "Germany"]
[Date "1999.03.07"]
[Round "7.8"]
[White "Matthaei, Alexander"]
[Black "Gupta, Milon"]
[Result "1/2-1/2"]
[WhiteElo "2370"]
[BlackElo "2255"]
[PlyCount "169"]
[EventDate "1998.10.??"]
[EventType "team-tourn"]
[EventRounds "9"]
[EventCountry "GER"]
[SourceTitle "GER-chT2"]
[Source "ChessBase"]
[SourceDate "1999.07.01"]
[SourceVersion "1"]
[SourceVersionDate "1999.07.01"]
[SourceQuality "1"]
[WhiteTeam "Koeln Porz II"]
[BlackTeam "Solingen II"]
[WhiteTeamCountry "GER"]
[BlackTeamCountry "GER"]

1. e4 d5 2. exd5 Qxd5 3. Nc3 Qa5 4. d4 c6 5. Nf3 Nf6 6. Bd2 Bf5 7. Ne4 Qc7 8. Nxf6+ gxf6 9. Nh4 Bg6 10. Bc4 e6 11. Qf3 Nd7 12. 0-0-0 Bd6 13. Nxg6 hxg6 14. h4 0-0-0 15. h5 gxh5 16. Rxh5 Rxh5 17. Qxh5 Nb6 18. Bb3 Bf4 19. c3 f5 20. Qh4 Bxd2+ 21. Rxd2 a5 22. a3 c5 23. dxc5 Rxd2 24. Kxd2 Qxc5 25. Qg3 Kd7 26. Qd3+ Ke7 27. Qf3 Qb5 28. Kc2 a4 29. Ba2 Nd7 30. Qd3 Qe5 31. Qe3 Qb5 32. Qd3 Qe5 33. Bc4 Qc5 34. Qd4 Qa5 35. Be2 Nc5 36. Qb4 Qc7 37. Bb5 Qd6 38. Qd4 Qb6 39. Qh4+ Kf8 40. Qb4 Qd6 41. Qd4 Qb6 42. Qh8+ Ke7 43. Qh4+ Kf8 44. Qh8+ Ke7 45. Qe8+ Kf6 46. f3 Qd6 47. Qh8+ Ke7 48. Qh4+ Kf8 49. Qd4 Ke7 50. Qc4 b6 51. Bxa4 Qg3 52. Bc6 Qxg2+ 53. Kb1 Kd6 54. Qb5 Kc7 55. Ba8 Qg1+ 56. Ka2 Nd7 57. Bc6 Nc5 58. Be8 Qe3 59. Qc6+ Kd8 60. Bxf7 Ke7 61. Qe8+ Kf6 62. Bh5 Qd3 63. Qg6+ Ke5 64. Qg3+ Kd5 65. Qh4 Qe2 66. Be8 Qc4+ 67. Qxc4+ Kxc4 68. a4 Kd5 69. Ka3 Nd3 70. Bb5 Ne5 71. Be2 Kc5 72. b4+ Kc6 73. Kb3 Kd6 74. c4 Nc6 75. Kc3 e5 76. Bd3 Ke6 77. Bf1 Kd6 78. a5 bxa5 79. c5+ Kc7 80. b5 Nd4 81. Kc4 Nxf3 82. Kd5 a4 83. b6+ Kb7 84. Kd6 Nd2 85. Kd7 1/2-1/2

[Event "BL2-West 9798"]
[Site "Germany"]
[Date "1998.??.??"]
[Round "?.8"]
[White "Matthaei, Alexander"]
[Black "Morlo, Michael"]
[Result "1-0"]
[WhiteElo "2380"]
[BlackElo "2290"]
[PlyCount "117"]
[EventDate "1997.10.??"]
[EventType "team-tourn"]
[EventRounds "9"]
[EventCountry "GER"]
[SourceTitle "EXT 1999"]
[Source "ChessBase"]
[SourceDate "1998.11.16"]
[SourceVersion "1"]
[SourceVersionDate "1998.11.16"]
[SourceQuality "1"]
[WhiteTeam "Koeln Porz II"]
[BlackTeam "Schott Mainz"]
[WhiteTeamCountry "GER"]
[BlackTeamCountry "GER"]

1. c4 Nf6 2. Nf3 c6 3. b3 d5 4. Bb2 Bg4 5. Ne5 Bh5 6. d4 e6 7. Nd2 Nbd7 8. g3 Bd6 9. f4 0-0 10. Qc2 a5 11. a3 Bxe5 12. fxe5 Bg6 13. Qc1 Ne4 14. Bg2 f5 15. Nxe4 fxe4 16. Qc3 a4 17. b4 Nb6 18. c5 Nc4 19. Bc1 b6 20. cxb6 Qxb6 21. Bf4 Qd8 22. 0-0 Bh5 23. Rae1 Qe7 24. Bxe4 Nxa3 25. Bd3 Nb5 26. Qxc6 Nxd4 27. Qd6 Qa7 28. Be3 Nxe2+ 29. Rxe2 Rxf1+ 30. Kxf1 Bxe2+ 31. Kxe2 Qf7 32. Qc6 Rf8 33. Qxa4 Qh5+ 34. Kd2 Qxh2+ 35. Be2 Qxg3 36. b5 Qxe5 37. Qd4 Qd6 38. Qc5 Qd8 39. b6 Qa8 40. Qc2 Rc8 41. Qb2 Qa5+ 42. Kd3 e5 43. Bg4 e4+ 44. Ke2 Rf8 45. Qb3 Kh8 46. Bd4 Qa6+ 47. Kd2 Qb7 48. Qc3 Qe7 49. Qc5 Qg5+ 50. Kc2 Qf4 51. Be2 Qf5 52. Qe7 Rf7 53. b7 h5 54. b8Q+ Kh7 55. Qee5 h4 56. Qxf5+ Rxf5 57. Qc7 Rg5 58. Qe7 Kh6 59. Be3 1-0

[Event "BL2-West 9798"]
[Site "Germany"]
[Date "1998.??.??"]
[Round "?.8"]
[White "Matthaei, Alexander"]
[Black "Schmidt, Bodo"]
[Result "1/2-1/2"]
[WhiteElo "2380"]
[BlackElo "2345"]
[PlyCount "89"]
[EventDate "1997.10.??"]
[EventType "team-tourn"]
[EventRounds "9"]
[EventCountry "GER"]
[SourceTitle "EXT 1999"]
[Source "ChessBase"]
[SourceDate "1998.11.16"]
[SourceVersion "1"]
[SourceVersionDate "1998.11.16"]
[SourceQuality "1"]
[WhiteTeam "Koeln Porz II"]
[BlackTeam "Godesberg"]
[WhiteTeamCountry "GER"]
[BlackTeamCountry "GER"]

1. e4 e6 2. d3 d5 3. Nd2 Nf6 4. Ngf3 Nc6 5. Qe2 Be7 6. g3 0-0 7. Bg2 a5 8. 0-0 Nb4 9. e5 Nd7 10. c3 Na6 11. Re1 b6 12. Nf1 Nac5 13. Bf4 Ba6 14. c4 a4 15. Nd4 Nb8 16. Rad1 c6 17. h4 Ra7 18. Ne3 Rd7 19. cxd5 cxd5 20. Bf1 Rc7 21. Qg4 Kh8 22. Nf3 Rc8 23. d4 Ne4 24. Bg2 Bb4 25. Rf1 Nc6 26. a3 Bxf1 27. Bxf1 Be7 28. Ba6 Rc7 29. Ng5 Qa8 30. Bd3 Nxg5 31. hxg5 g6 32. Kg2 Rg8 33. Rh1 Rg7 34. Qh4 Nxd4 35. Ng4 Nf5 36. Qh3 d4+ 37. f3 Qc8 38. Nf6 Rc2+ 39. Bxc2 Qxc2+ 40. Kg1 Qb1+ 41. Kf2 Qxb2+ 42. Ke1 Qb1+ 43. Kd2 Qb2+ 44. Ke1 Qa1+ 45. Kf2 1/2-1/2